000
00321nam a2200133Ia 4500
005
20260328101513.0
008
260328s9999||||xx |||||||||||||| ||und||
100
_a
Encyclopedie des Arts
245
0
_a
Les Muses (Vol.6) /
_c
Encyclopedie des Arts
260
_b
Alpha
300
_a
140 p.
650
_a
HISTORIA
942
_c
BK
999
_c
9258
_d
9258